000 01064cam a2200301 a 4500
001 2966
005 20240126111718.0
020 _a9780061878572
040 _aDLC
_cDLC
_beng
_dFISKH
050 0 0 _aPZ7.T233
_b2010
082 0 0 _a543
100 1 _aTeitelbaum, Michael
245 1 0 _aSuperman.
_pI am Superman /
_cby Michael Teitelbaum ; pictures by Rick Farley.
246 3 0 _aI am Superman
250 _aFirst published in 2010
260 _aNew York :
_bHarper,
_c2010
300 _a28 pages :
_bcolor illustrations ;
_c24 cm.
490 0 _aI can read !
_3Book 2
500 _a"Superman created by Jerry Siegel and Joe Shuster."
505 _aE
520 _aSuperman takes Lois Lane to his Fortress of Solitude to tell her about his life and powers, but they must return to Metropolis in a hurry when Lex Luthor tries to take over the city.
521 _a270
_bLexile
521 _aE
_bRaz-Plus
650 _asuperman
_vearly reader
700 1 _aFarley, Rick
906 _a7
_bcbc
_corignew
_d2
_eepcn
_f20
_gy-gencatlg
942 _2ddc
_cBK
_n0
999 _c2966
_d2966